<?xml version="1.0" encoding="UTF-8"?>
<collection xmlns="http://www.loc.gov/MARC21/slim">
 <record>
  <leader>01598nam a2200205Ia 4500</leader>
  <controlfield tag="001">TDMU_38334</controlfield>
  <controlfield tag="008">210410s9999    xx            000 0 und d</controlfield>
  <datafield tag="082" ind1=" " ind2=" ">
   <subfield code="a">658.1</subfield>
  </datafield>
  <datafield tag="100" ind1=" " ind2=" ">
   <subfield code="a">Palmer, Daniel E</subfield>
  </datafield>
  <datafield tag="245" ind1=" " ind2="0">
   <subfield code="a">Managing for Ethical-Organizational Integrity</subfield>
  </datafield>
  <datafield tag="245" ind1=" " ind2="0">
   <subfield code="b">Principles and Processes for Promoting Good, Right, and Virtuous Conduct</subfield>
  </datafield>
  <datafield tag="245" ind1=" " ind2="0">
   <subfield code="c">Daniel E. Palmer, Abe J. Zakhem</subfield>
  </datafield>
  <datafield tag="260" ind1=" " ind2=" ">
   <subfield code="b">Business Expert Press</subfield>
  </datafield>
  <datafield tag="260" ind1=" " ind2=" ">
   <subfield code="c">2012</subfield>
  </datafield>
  <datafield tag="300" ind1=" " ind2=" ">
   <subfield code="a">158Pages</subfield>
  </datafield>
  <datafield tag="520" ind1=" " ind2=" ">
   <subfield code="a">Ebook from IG Library ; For some time people thought that business and ethics constituted separate and mutually exclusive realms. Businesses that perpetuate such a belief or still hold that &quot;business ethics&quot; is an oxymoron are at risk. Indeed, managers are now being called on to actively promote ethical organizational integrity. This means understanding the principles that define and creating an organizational culture that measurably encourages ethical conduct. The reason for this shift in paradigm is clear. Ethical organizational integrity drives long-term company success and sustainable value production, serves to prevent illegal conduct, and best contributes to overall social welfare. This book provides a brief introduction to and general framework for managing for ethical-organizational integrity that will be useful to managers and business students alike.</subfield>
  </datafield>
  <datafield tag="650" ind1=" " ind2=" ">
   <subfield code="a">Strategic Management; Quản lý chiến lược</subfield>
  </datafield>
  <datafield tag="700" ind1=" " ind2=" ">
   <subfield code="a">Zakhem, Abe J</subfield>
  </datafield>
  <datafield tag="856" ind1=" " ind2=" ">
   <subfield code="u">http://lrc.tdmu.edu.vn/opac/search/detail.asp?aID=2&amp;ID=38334</subfield>
  </datafield>
  <datafield tag="980" ind1=" " ind2=" ">
   <subfield code="a">Trung tâm Học liệu Trường Đại học Thủ Dầu Một</subfield>
  </datafield>
 </record>
</collection>
